00682nam a22002297a 4500003000500000005001700005008004100022010001000063011001000073035001000083040000900093082001500102100001900117245009900136260007600235300001100311490002900322650002000351650003100371700002100402830002900423CHAP20220329141104.0971013s1994 r 00010 d a62421 a63393 a67569 cCHAP a616.39bP300aPayne, Philip. aHow third world rural households adapt to dietary energy stressb: the evidence and the issues aWashington, D.C. ; International Food Policy Research Institutte,c1994 a134 p. aFood policy reviewsv; 214aDesnutrición.14aPaíses subdesarrollados.0 aLipton, Michael.0 aFood policy reviewsv; 2